| 000 | 00744nam a22002057a 4500 | ||
|---|---|---|---|
| 005 | 20100820161314.0 | ||
| 010 | _aENG-101059 | ||
| 020 |
_c140.00 _a9789380399164 |
||
| 035 | _aEN-84592 | ||
| 037 | _bDBAD/PUB | ||
| 082 | _a620.00151 | ||
| 100 |
_aKrishnan, R.Muthu _916648 |
||
| 245 |
_aAn introduction to probability and its distributions / _cby R.Muthu Krishnan |
||
| 260 |
_aChennai _bK.V.P. Publication _c2009 |
||
| 270 |
_aZamin Pallavaram _bChennai _e43 |
||
| 300 |
_a119p. _c20cm (pbk) |
||
| 650 |
_aEngineering mathematics _916649 |
||
| 942 |
_2ddc _cEN _h620.00151 _mKRI |
||
| 999 |
_c42783 _d42783 |
||